South African Journal of Surveying and Mapping (Record no. 119040)
[ view plain ]
| 000 -LEADER | |
|---|---|
| fixed length control field | 00819cas a22002055a 4500 |
| 001 - CONTROL NUMBER | |
| control field | L138797 |
| 008 - FIXED-LENGTH DATA ELEMENTS--GENERAL INFORMATION | |
| fixed length control field | 070711d19891998sa tr p 0 a0eng u |
| 035 ## - SYSTEM CONTROL NUMBER | |
| System control number | (Sirsi) u138797 |
| 041 1# - LANGUAGE CODE | |
| Language code of text/sound track or separate title | eng |
| Language code of summary or abstract | afr |
| 110 2# - MAIN ENTRY--CORPORATE NAME | |
| Corporate name or jurisdiction name as entry element | South African Council for Professional Land Surveyors and Technical Surveyors |
| 9 (RLIN) | 5265 |
| 245 00 - TITLE STATEMENT | |
| Title | South African Journal of Surveying and Mapping |
| 260 ## - PUBLICATION, DISTRIBUTION, ETC. | |
| Place of publication, distribution, etc. | Durban |
| Name of publisher, distributor, etc. | South African Council for Professional Land Surveyors and Technical Surveyors |
| Date of publication, distribution, etc. | 1989-1998 |
| 362 0# - DATES OF PUBLICATION AND/OR SEQUENTIAL DESIGNATION | |
| Dates of publication and/or sequential designation | 20 Part 2 (119) April 1989-24 Part 5/6 (147/148) August/December 1998 |
| 554 ## - | |
| -- | Three per year |
| 651 #4 - SUBJECT ADDED ENTRY--GEOGRAPHIC NAME | |
| Geographic name | South Africa |
| 690 ## - LOCAL SUBJECT ADDED ENTRY--TOPICAL TERM (OCLC, RLIN) | |
| Topical term or geographic name as entry element | ENVIRONMENTAL AND LAND CONSULTANCY-GEOMATICS-LAND SURVEYING |
| 780 00 - PRECEDING ENTRY | |
| Title | South African Survey Journal |
| 785 00 - SUCCEEDING ENTRY | |
| Title | South African Journal of Surveying and Geo-Information |
| 942 ## - ADDED ENTRY ELEMENTS (KOHA) | |
| Suppress in OPAC | 0 |
| Withdrawn status | Lost status | Source of classification or shelving scheme | Damaged status | Not for loan | Home library | Current library | Shelving location | Date acquired | Total Checkouts | Full call number | Barcode | Date last seen | Price effective from | Koha item type |
|---|---|---|---|---|---|---|---|---|---|---|---|---|---|---|
| Dewey Decimal Classification | London | London | Basement | 11/07/2007 | SOUTH AFRICAN JOURNAL OF SURVEYING & GEO | 138797-1001 | 06/08/2019 | 06/08/2019 | Journal |